=LDR 00000nam 2200000 4500 =001 NUTBA000000000001867 =005 20140522095206.0 =006 =007 =008 =020 ##$$a 978-979-29-1702-4 =035 ##$$a 0010-051400000000332 =040 ##$$a NBPDMAT =082 ##$$a 658.2 =090 ##$$a 658.2 $b Hes p =100 ##$$a Hestin Mulyandari =245 ##$$a Pemeliharaan bangunan : $b Basic Skill Facility Managemen / $c Hestin Mulyandari dan Rully Adi Saputra =250 ##$$a Cet.1 =260 ##$$a Yogyakarta : $b Andi, $c 2011 =300 ##$$a x, 254 hlm. : $b ilus. ; $c 21 cm. =500 ##$$a Bibliografi : hlm. 347 - 349 =650 ##$$a Manajemen Gedung =850 ##$$a NBPDMAT =990 ##$$a 21400642